| 000 | 004150000a22001450004500 | ||
|---|---|---|---|
| 041 | 0 | _aSPA | |
| 082 | 0 | 4 | _aG 922 W825c |
| 100 | 1 | _aWitke, Roxane | |
| 245 | 1 | 0 | _aCamarada Chiang Ching : Recuerdos de su vida e historia / Roxane Witke ; R. M. Bassols, Traductor |
| 260 | _aBarcelona, España : Plaza y Janés | ||
| 300 | _a646 Pag | ||
| 500 | _aTitulo original : Comrade Chiang Ching | ||
| 001 | 11460 | ||
| 942 | _cBK | ||
| 999 |
_c40755 _d40755 |
||